| 000 | 07445namaa22004451i 4500 | ||
|---|---|---|---|
| 003 | EG-GICUC | ||
| 005 | 20260429142829.0 | ||
| 008 | 260429s2025 ua a|||frm||| 000 0 eng d | ||
| 040 |
_aEG-GICUC _beng _cEG-GICUC _dEG-GICUC _erda |
||
| 041 | 0 |
_aeng _beng _bara |
|
| 049 | _aDeposit | ||
| 082 | 0 | 4 | _a617.96 |
| 092 |
_a617.96 _221 |
||
| 097 | _aM.Sc | ||
| 099 | _aCai01.19.01.Ph.D.2025.Sa.E | ||
| 100 | 0 |
_aSamuel Bekhet Moawad, _epreparation. |
|
| 245 | 1 | 0 |
_aEffectiveness of adding Amantadine to Pregabalin on occurrence of Post thoracotomy pain syndrome : _brandomized Controlled study / _cby Samuel Bekhet Moawad ; Supervised Prof. Raafat Mahfouz Reyad, Dr. Taher Saaed Mohamed, Dr. Samuel Fayez Samy. |
| 246 | 1 | 5 |
_aفعالية إضافة امانتادين إلى بريجابالين على حدوث متلازمة الالم المزمن بعد عمليات شق الصدر : _bدراسة عشوائية محكومة |
| 264 | 0 | _c2025. | |
| 300 |
_a89 pages : _billustrations ; _c25 cm. + _eCD. |
||
| 336 |
_atext _2rda content |
||
| 337 |
_aUnmediated _2rdamedia |
||
| 338 |
_avolume _2rdacarrier |
||
| 502 | _aThesis (Ph.D)-Cairo University, 2025. | ||
| 504 | _aBibliography: pages 74-89. | ||
| 520 | 3 | _aBackground: Preoperative pregabalin is effective in reducing acute postoperative pain, prolonging nerve block duration, and sparing opioid use, while amantadine, an NMDA receptor antagonist, is widely used as an antiviral and in neurological disorders. This study aimed to evaluate the additive effect of amantadine to pregabalin in preventing post-thoracotomy pain syndrome (PTPS) and to assess postoperative quality of life and functional activity using the Barthel Activities of Daily Living scale (ADL). Methods: This randomized controlled trial included 60 cancer patients undergoing thoracotomy or lung resection under general anesthesia. Patients were allocated into two equal groups: Group A: received Amantadine 100 mg with Pregabalin 75 mg two hours preoperatively, followed by both drugs twice daily for 5 days postoperatively. Group P: received Pregabalin 75 mg with a placebo capsule resembling Amantadine two hours preoperatively, then continued twice daily for 5 days postoperatively. Results: Need of fentanyl consumption, total fentanyl consumption, need of morphine consumption and total morphine consumption in the first 48 hours were insignificantly different between both groups. Sedation was insignificantly different between both groups. Grading system for neuropathic pain was significantly lower at 4 weeks, 8 weeks and 12 weeks in group A than group P. Quality of life according to Flanagan scale, ADL and patient global impression of change were insignificantly different at baseline, 2 weeks, 4 weeks, 8 weeks and 12 weeks between both groups. Postoperative nausea and vomiting and complications were insignificantly different between both groups. Conclusion: The combination of amantadine to pregabalin demonstrated a significant reduction in pain scores and neuropathic pain grading at later follow-up, suggesting a potential long-term benefit in mitigating post-thoracotomy pain syndrome. | |
| 520 | 3 | _aالمقدمة: يُعد البريجابالين قبل الجراحة فعّالًا في تقليل الألم الحاد بعد العمليات الجراحية، وإطالة مدة تأثير الحصار العصبي، وتقليل الحاجة لاستخدام المواد الأفيونية، بينما يُستخدم الأمانتادين، وهو مضاد لمستقبلات إن-ميثيل-دي-أسبارتات، على نطاق واسع كمضاد فيروسات وفي الاضطرابات العصبية. هدفت هذه الدراسة إلى تقييم التأثير الإضافي للأمانتادين عند دمجه مع البريجابالين في الوقاية من متلازمة الألم بعد شق الصدر، وكذلك تقييم جودة الحياة بعد الجراحة والنشاط الوظيفي باستخدام مقياس بارتل لأنشطة الحياة اليومية. الطريقة: شملت هذه التجربة العشوائية المحكمة 60 مريضًا مصابًا بالسرطان خضعوا لجراحة شق الصدر أو استئصال جزء من الرئة تحت التخدير العام. تم تقسيم المرضى إلى مجموعتين متساويتين: المجموعة (أ): تلقي المرضي 100 مللي جرام من الأمانتادين مع 75 مللي جرام من البريجابالين قبل الجراحة بساعتين، تلاها تناول كلا الدوائين مرتين يوميًا لمدة 5 أيام بعد الجراحة. المجموعة (ب): تلقي المرضي 75 مللي جرام من البريجابالين مع كبسولة دواء وهمي تشبه الأمانتادين قبل الجراحة بساعتين، ثم استمرت في تناول الدواء مرتين يوميًا لمدة 5 أيام بعد الجراحة. النتائج: كانت الحاجة لاستخدام الفنتانيل، وإجمالي استهلاك الفنتانيل، والحاجة لاستخدام المورفين، وإجمالي استهلاك المورفين خلال أول 48 ساعة غير مختلفة بشكل ذي دلالة إحصائية بين المجموعتين. كما لم يكن هناك فرق ذو دلالة إحصائية في مستوى التهدئة بين المجموعتين. كان تقييم شدة الألم العصبي أقل بشكل ملحوظ في الأسابيع الرابعة والثامنة والثانية عشرة في المجموعة (أ) مقارنة بالمجموعة (ب(. أما جودة الحياة حسب مقياس فلاناغان، ومقياس أنشطة الحياة اليومية، والانطباع العام للمريض عن التغيير، فكانت غير مختلفة بشكل ذي دلالة إحصائية عند خط الأساس، وبعد أسبوعين، وأربعة أسابيع، وثمانية أسابيع، واثني عشر أسبوعًا بين المجموعتين. كذلك، لم يكن هناك فرق ذو دلالة إحصائية في معدل حدوث الغثيان والقيء بعد الجراحة والمضاعفات بين المجموعتين. الاستنتاج: ظهر دمج الأمانتادين مع البريجابالين انخفاضًا ملحوظًا في درجات الألم وتقييم الألم العصبي في فترات المتابعة المتأخرة، مما يشير إلى فائدة محتملة طويلة المدى في التخفيف من متلازمة الألم بعد شق الصدر. | |
| 530 | _aIssues also as CD. | ||
| 546 | _aText in English and abstract in Arabic & English. | ||
| 650 | 0 | _aAnesthesia | |
| 650 | 0 | _aالتخدير | |
| 653 | 1 |
_aAmantadine _aPregabalin _aPost-thoracotomy Pain Syndrome _aActivities of Daily Living Scale |
|
| 700 | 0 |
_aRaafat Mahfouz Reyad _ethesis advisor. |
|
| 700 | 0 |
_aTaher Saaed Mohamed _ethesis advisor. |
|
| 700 | 0 |
_aSamuel Fayez Samy _ethesis advisor. |
|
| 900 |
_b01-01-2025 _cRaafat Mahfouz Reyad _cTaher Saaed Mohamed _cSamuel Fayez Samy _UCairo University _FNational Cancer Institute _DDepartment of Anesthesia , Intensive care and Pain Management |
||
| 905 | _aShimaa | ||
| 942 |
_2ddc _cTH _e21 _n0 |
||
| 999 | _c179827 | ||